<?xml version="1.0" encoding="UTF-8"?>
<record
    xmlns:xsi="http://www.w3.org/2001/XMLSchema-instance"
    xsi:schemaLocation="http://www.loc.gov/MARC21/slim http://www.loc.gov/standards/marcxml/schema/MARC21slim.xsd"
    xmlns="http://www.loc.gov/MARC21/slim">

  <leader>00991nam a2200253 i 4500</leader>
  <controlfield tag="001">188626</controlfield>
  <controlfield tag="003">SpMaBN</controlfield>
  <controlfield tag="005">20251013194933.0</controlfield>
  <controlfield tag="008">190114s2007    sp ae        |||| |dspa d</controlfield>
  <datafield tag="020" ind1=" " ind2=" ">
    <subfield code="a">978-84-96042-51-3</subfield>
  </datafield>
  <datafield tag="080" ind1=" " ind2=" ">
    <subfield code="a">929 Isabel (460) II</subfield>
  </datafield>
  <datafield tag="080" ind1=" " ind2=" ">
    <subfield code="a">94(460.13 S.)"18"</subfield>
  </datafield>
  <datafield tag="100" ind1="1" ind2=" ">
    <subfield code="a">Casado Cimiano, Pedro.</subfield>
    <subfield code="9">36014</subfield>
  </datafield>
  <datafield tag="245" ind1="1" ind2="0">
    <subfield code="a">Isabel II y los inicios de Santander como ciudad de veraneo / </subfield>
    <subfield code="c">Pedro Casado Cimiano, Mario Crespo L&#xF3;pez.</subfield>
  </datafield>
  <datafield tag="260" ind1=" " ind2=" ">
    <subfield code="a">Torrelavega : </subfield>
    <subfield code="b">Cantabria Tradicional, </subfield>
    <subfield code="c">[2007]</subfield>
  </datafield>
  <datafield tag="300" ind1=" " ind2=" ">
    <subfield code="a">142 p. : </subfield>
    <subfield code="b">il. col. y n., planos ; </subfield>
    <subfield code="c">25 cm.</subfield>
  </datafield>
  <datafield tag="504" ind1=" " ind2=" ">
    <subfield code="a">Bibliograf&#xED;a: p. 137-140.</subfield>
  </datafield>
  <datafield tag="600" ind1="0" ind2="7">
    <subfield code="a">Isabel </subfield>
    <subfield code="b">II,  </subfield>
    <subfield code="c">Reina de Espa&#xF1;a-</subfield>
    <subfield code="x">Viajes</subfield>
    <subfield code="2"></subfield>
    <subfield code="9">141060</subfield>
  </datafield>
  <datafield tag="651" ind1=" " ind2=" ">
    <subfield code="a">Santander-</subfield>
    <subfield code="x">Historia-</subfield>
    <subfield code="y">S.XIX.</subfield>
    <subfield code="9">165959</subfield>
  </datafield>
  <datafield tag="700" ind1="1" ind2=" ">
    <subfield code="a">Crespo L&#xF3;pez, Mario.</subfield>
    <subfield code="9">145687</subfield>
  </datafield>
  <datafield tag="852" ind1=" " ind2=" ">
    <subfield code="a">ES-MaACL</subfield>
    <subfield code="j">A-14296   </subfield>
    <subfield code="9">195757</subfield>
    <subfield code="b">R.151694</subfield>
    <subfield code="c">DEPO1</subfield>
    <subfield code="d">Olim: N-7296</subfield>
    <subfield code="g">Dedicatoria aut&#xF3;grafa del alcalde de Santander &#xCD;&#xF1;igo de la Serna</subfield>
  </datafield>
  <datafield tag="942" ind1=" " ind2=" ">
    <subfield code="2">udc</subfield>
    <subfield code="c">MONOGRAFIA</subfield>
  </datafield>
  <datafield tag="999" ind1=" " ind2=" ">
    <subfield code="c">188626</subfield>
    <subfield code="d">188626</subfield>
  </datafield>
  <datafield tag="952" ind1=" " ind2=" ">
    <subfield code="0">0</subfield>
    <subfield code="1">0</subfield>
    <subfield code="2">udc</subfield>
    <subfield code="4">0</subfield>
    <subfield code="7">0</subfield>
    <subfield code="8">Librosdedicados</subfield>
    <subfield code="a">ATENEOM</subfield>
    <subfield code="b">ATENEOM</subfield>
    <subfield code="c">DEPO1</subfield>
    <subfield code="d">2019-01-14</subfield>
    <subfield code="e">DONACION</subfield>
    <subfield code="l">0</subfield>
    <subfield code="o">N-7296</subfield>
    <subfield code="p">1199616</subfield>
    <subfield code="r">2023-02-23 00:00:00</subfield>
    <subfield code="w">2023-02-23</subfield>
    <subfield code="y">MONOGRAFIA</subfield>
    <subfield code="z">Dedicatoria aut&#xF3;grafa del alcalde de Santander &#xCD;&#xF1;igo de la Serna</subfield>
  </datafield>
</record>
